000 00517nam a2200217 i 4500
001 4627063
005 20180903040522.0
008 781212s1978 nyua b 001 0 eng
010 _a 78000202
020 _a0120445603
040 _aDLC
_cDLC
_dDLC
041 _aeng
080 _a616
082 0 0 _a616
100 1 _a9
101 _apat
245 1 0 _aPlant pathology /
_cGeorge N. Agrios.
504 _aBibliography: p. 669-672.
906 _a7
_bcbc
_corignew
_d2
_eocip
_f19
_gy-gencatlg
942 _2ddc
_cBK
999 _c47426
_d47426